| 000 | 00692nam a2200265 a 4500 | ||
|---|---|---|---|
| 003 | AR-BaBNM | ||
| 005 | 20251128203302.0 | ||
| 008 | 082120s2002 ||||||||||||||000 | spa|| | ||
| 020 | _a950-9849-34-0 | ||
| 040 | _cAR-BaBNM | ||
| 100 | 1 | _aMur, Manuela | |
| 245 | 0 | 0 |
_aGansos y pericotes _bnovela |
| 250 | _a1ยช ed. | ||
| 260 |
_aBuenos Aires _bVinciguerra _c1991 |
||
| 300 | _a250 p. | ||
| 500 | _aLa presente obra obtuvo el Premio Nacional de Literatura en 1981 | ||
| 650 | 4 | _aLITERATURA ARGENTINA | |
| 650 | 4 | _aLITERATURA INFANTIL | |
| 650 | 4 | _aESCRITORES | |
| 650 | 4 | _aLITERATURA FOLKLORICA | |
| 653 | _aNARRATIVA | ||
| 655 | _aLITERATURA | ||
| 942 | _cBK | ||
| 998 | _cMARTIN | ||
| 999 |
_c2720 _d2720 |
||